One Direction Facts - Statistics

General Stats
  • This quiz has been taken 18,469 times
    18,452 since last reset
  • The average score is 9 of 13
Answer Stats
Hint Answer % Correct
Who is the oldest member? Louis Tomlinson
99%
Which member is Irish? Niall Horan
97%
Which member cannot swim? Zayn Malik
95%
Who is 'Daddy Direction' Liam Payne
93%
What is the name of their body guard? Paul
82%
Who is the 'Swagmasta from Doncasta'? Louis Tomlinson
81%
What are their fans called? Directioners
77%
What is the name of the bromance between Louis and Harry? Larry Stylinson
70%
What was the first song they sang together as a band? Torn
61%
Who is the 'Bradford Bad Boi' Zayn Malik
56%
What is the name of the record label they are signed to? Syco
50%
Which band have they been compared to? The Beatles
43%
Which X - Factor presenter was Harry dating? Caroline Flack
27%
No matching quizzes found
Score Distribution
Percent of People with Each Score
Percentile by Number Answered
Your Score History
You have not taken this quiz since the last reset